Statistics for 20 Countries on a Topological Map #5

Click here to take the quiz!

General Stats

  • This quiz has been taken 652 times
    (645 since last reset)
  • The average score is 19 of 20

Answers on the Map

Answers color-coded by a green-red scale on the quiz's map according to % correct below.
 

Answer Stats

Country% Correct
Peru
98%
Uruguay
97%
Costa Rica
96%
India
96%
Sudan
96%
Suriname
96%
Ethiopia
94%
Angola
93%
Azerbaijan
93%
Morocco
93%
Mozambique
93%
Poland
93%
Djibouti
92%
Lebanon
92%
Kuwait
91%
Netherlands
91%
Turkmenistan
91%
Uganda
91%
Slovakia
89%
Burkina Faso
82%

Score Distribution

Percentile by Number Answered

Percent of People with Each Score

Your Score History

You have not taken this quiz since the last reset